=LDR 00000nam 2200000 4500 =001 INLIS000000000007765 =005 20260130094117 =035 ##$$a 0010-0126000334 =007 ta =008 260130###########################0###### =020 ##$$a 0-7103-0395-5 =082 ##$$a 953. 805 3 =084 ##$$a 953. 805 3 FOU m =100 #$$a Fouad Al Farisy =245 1#$$a MOderenity and Tradition : $b The Saudi Equation /$c Fouad Al Farisy =260 ##$$a Saudi Arabia :$b First published,$c 1990 =300 ##$$a xxiii+322p : $b illus ; $c 25 cm$e inggris =990 ##$$a B-2026-00073